01454nam a2200385Ia 4500001001200000003000800012006001900020007001500039008004100054010001700095020003500112020003800147020002600185040002100211035002100232050002100253082002000274100002200294245010400316260003800420300001600458504004100474533015200515650002400667650002000691650002200711650002900733650003000762651003700792651003000829651003700859655002900896710001700925856012600942ebr10744755CaPaEBRm o u cr cn|||||||||130315s2013 cau sb 000 0 eng d z 2013010138 z0833078909 (pbk. : alk. paper) z9780833078902 (pbk. : alk. paper) z9780833078933 (ebook) aCaPaEBRcCaPaEBR a(OCoLC)85332943314aV25b.G65 2013eb04a359/.0309162231 aGompert, David C.10aSea power and American interests in the western Pacifich[electronic resource] /cDavid C. Gompert. aSanta Monica, CA :bRAND,cc2013. axxi, 193 p. aIncludes bibliographical references. aElectronic reproduction.bPalo Alto, Calif. :cebrary,d2013.nAvailable via World Wide Web.nAccess may be limited to ebrary affiliated libraries. 0aGeopoliticszChina. 0aNaval strategy. 0aSea-powerzChina. 0aSea-powerzPacific Area. 0aSea-powerzUnited States. 0aChinaxRelationszUnited States. 0aChinaxStrategic aspects. 0aUnited StatesxRelationszChina. 7aElectronic books.2local2 aebrary, Inc.40uhttp://site.ebrary.com/lib/rucke/Doc?id=10744755zAn electronic book accessible through the World Wide Web; click to view